| 000 | 00771nam a2200229 a 4500 | ||
|---|---|---|---|
| 001 | 000025172 | ||
| 005 | 20200930023614.0 | ||
| 008 | 110210s1993 ck r 001 0 spa d | ||
| 020 | _a958625254X | ||
| 040 |
_aDO-SdBNP _bspa _cBNPHU |
||
| 082 |
_axxxxxx _bC755s |
||
| 110 | 2 |
_aConsejo Episcopal Latinoamericano, _bDepartamento de Laicos -Delai. _951639 |
|
| 245 | 1 | 0 |
_aSembradores de paz : _bmensajes pontificios 1968 a 1993. |
| 260 |
_aBogotá : _bConsejo Episcopal Latinoamericano, _c1993. |
||
| 300 |
_a349 p. ; _c21 cm. |
||
| 490 | 1 |
_aFormación pastoral ; _v6 |
|
| 500 | _aIncluye notas al pie de las páginas. | ||
| 500 | _aIncluye índices esquemático. | ||
| 500 | _aIncluye índice temático. | ||
| 830 | 0 |
_aFormación pastoral ; _n6 _951640 |
|
| 049 | _aBNGR | ||
| 999 |
_c24665 _d24665 |
||